MARC

LEADER 00000nam0a2200000 4500
001 361088
005 20260219102922.0
035 |a (RuTPU)RU\TPU\retro\18414 
090 |a 361088 
100 |a 20210525d1980 m y0rusy50 ca 
101 0 |a rus 
102 |a RU 
105 |a a j 001zy 
200 1 |a Химические реакторы  |e учебное пособие для вузов  |f В. Н. Соколов, М. Д. Бушков  |g Ленинградский технологический институт им. Ленсовета 
210 |a Ленинград  |c Изд-во ЛТИ  |d 1980 
215 |a 60 с.  |c ил. 
320 |a Библиогр.: с. 58-59 
606 1 |a Химические реакторы  |2 stltpush  |3 (RuTPU)RU\TPU\subj\31327  |9 54204 
610 1 |a учебные пособия 
610 1 |a химические превращения 
610 1 |a реакторные котлы 
610 1 |a перемешивающие устройства 
610 1 |a мешалки 
610 1 |a уплотнения 
610 1 |a технологические расчеты 
610 1 |a трубчатые реакторы 
610 1 |a барботажные реакторы 
610 1 |a газлифтные реакторы 
675 |a 66.023.2(075.8)  |v 4 
700 1 |a Соколов  |b В. Н.  |g Виктор Николаевич 
701 1 |a Бушков  |b М. Д.  |g Михаил Дмитриевич 
712 0 2 |a Ленинградский технологический институт им. Ленсовета  |c 1946-1993  |2 stltpush  |3 (RuTPU)RU\TPU\col\1462  |9 23567 
801 1 |a RU  |b 63413507  |c 20210525 
942 |c BK